Responses for Show #2281 - Monday, July 4, 1994

Contestants

[<< previous game]

James Loprest, a federal prosecutor from New York City, New York

Frank Archdeacon, an airline pilot from Foster City, California

Dave Smith, a political analyst from Arlington, Virginia (whose 2-day cash winnings total $25,701)

[next game >>]

Jeopardy! Round responses

THE 1930s
MOVIE QUOTES
TRAVEL & TOURISM
GENERAL SCIENCE
HAILS & FAREWELLS
STARTS WITH "M"
    $100 2
China

James
    $100 11
It's a Wonderful Life

James
    $100 1
Venice

James
    $100 26
an earthquake

Frank
    $100 16
cheerio

Dave
    $100 21
a Manhattan

Frank
    $200 3
Lipton

Frank
    $200 12
The Maltese Falcon

Dave
    $200 4
Key West

Dave
    $200 27
hurricanes

Dave
    $200 17
"Hello Dere"

Triple Stumper
    $200 22
a mirage

Dave
    $300 8
Nicaragua

Frank
    $300 13
Dracula

James
    $300 5
Japan

Dave
    $300 28
the ohm

Frank
    $800 18
the salutation

Dave
    $300 23
a mine

Dave
    $400 9
Farouk

James
    $400 14
communicate

Dave
    $400 6
Glasgow

Frank
    $400 29
magnesium

Dave
    $400 19
Roger, Wilco, over & out

James
    $400 24
a medicine man

Dave
    $500 10
Haile Selassie

Dave
    $500 15
James Dean

James
    $500 7
Texas

James
    $500 30
deuterium

Dave
    $500 20
We who are about to die salute you

Frank
    $500 25
the Mermaid

James

Scores at the first commercial break (after clue 15):

Dave Frank James
$1,600 $900 $2,000

Scores at the end of the Jeopardy! Round:

Dave Frank James
$4,500 $1,900 $2,900

Double Jeopardy! Round responses

AMERICAN HISTORY
BUSINESS & INDUSTRY
ENGLAND'S HENRYS
ANIMALS
SIBERIA
PLAYWRIGHTS
    $200 2
the Battle of New Orleans

Dave
    $200 23
UPS

Dave
    $200 1
the Crusades

James
    $200 30
a porcupine

James
    $200 11
Bering

Frank
    $200 16
Bernard Shaw

Dave
    $400 3
Vietnam draft evaders

James
    $400 24
Dole

Dave
    $400 7
Le Mans

Dave
    $400 29
a pheasant

Dave
    $400 12
Dostoyevsky

James
    $400 17
Lillian Hellman

James
    $600 4
Boston

Frank
    $600 21
Reynolds Aluminum

James
    $600 8
poems

Dave
    $600 28
a salmon

Frank
    $600 13
Nicholas II

Dave
    $600 18
(Dave: Who is Jocasta?)

Electra

DaveJames
    $800 5
the Natchez Trace

Dave
    $800 22
an Instamatic

Frank
    $800 9
the Wars of the Roses

James
    $800 27
the liver

Frank
    $800 14
Mikhail Gorbachev

James
    $800 19
Tennessee Williams

Dave
    $1,800 6
Saratoga

Dave
    $1,500 25
(Alex: We have about a minute to go in the round.)

Hewlett-Packard

Dave
    $1000 10
Henry V

Frank
    $1000 26
a wallaby

Dave
    $1000 15
Lake Baikal

Dave
    $1000 20
T.S. Eliot

James

Scores at the end of the Double Jeopardy! Round:

Dave Frank James
$13,800 $5,900 $8,300

[wagering suggestions for these scores]

Final Jeopardy! Round responses

SPACE EXPLORATION 1994
(Alex: Oh, my darling [*], you are lost and gone forever.)
FrankWhat is Clementine
$5,800
JamesWhat Puff the Magic Dragon?
$5,501
DaveWhat is farewell
$2,850
Clementine

Final scores:

Dave Frank James
$10,950 $11,700 $2,799
2nd place: Singer bedroom set + MCI video phones New champion: $11,700 3rd place: Michael C. Fina china set + Wheel of Fortune & Jeopardy! games for the Super Nintendo & Sega Genesis

Game dynamics:

Coryat scores:

Dave Frank James
$12,000 $5,900 $8,300
27 R
(including 3 DDs),
1 W
13 R,
0 W
19 R,
0 W

Combined Coryat: $26,200

[game clues] [game scores] [suggest correction]

Game tape date: 1994-02-15
The J! Archive is created by fans, for fans. Scraping, republication, monetization, and malicious use prohibited; this site may use cookies and collect identifying information. See terms. The Jeopardy! game show and all elements thereof, including but not limited to copyright and trademark thereto, are the property of Jeopardy Productions, Inc. and are protected under law. This website is not affiliated with, sponsored by, or operated by Jeopardy Productions, Inc. Join the discussion at JBoard.tv.